000 00287nam a22001217a 4500
008 180103b xxu||||| |||| 00| 0 eng d
041 _aeng
080 _a030 BRA
100 _a23
101 _aENC
245 _aFUNK& WAGNALLS NEW ENCYCLOPEDIA 1987 YEARBOOK
_cBRAM,L.L
942 _2udc
_cBK
999 _c39631
_d39631